| 000 | 00583nam a2200217Ia 4500 | ||
|---|---|---|---|
| 005 | 20260429111850.0 | ||
| 008 | 260429s9999||||xx |||||||||||||| ||und|| | ||
| 020 | _a9788197240300 | ||
| 041 | _aEnglish | ||
| 082 |
_a537.6 _bJAI |
||
| 100 | _aJain, Vimal Kumar | ||
| 245 | 0 |
_aThermal physics and statistical mechanics / _cVimal Kumar Jain |
|
| 250 | _a1st ed. | ||
| 260 |
_aNew Delhi : _bAne Books, _c2025. |
||
| 300 | _axii, 300 p.; hb | ||
| 650 | _a Electrodynamics | ||
| 650 | _a Statistical mechanics | ||
| 650 | _a Thermal physics | ||
| 650 | _aPhysics | ||
| 942 | _cTB | ||
| 999 |
_c51195 _d51195 |
||